[Event "Manizales Americas op"]
[Site "Manizales"]
[Date "2022.10.16"]
[Round "5"]
[White "Rodriguez Zuluaga, Gabriel Andres"]
[Black "Ortiz Hernandez, Jose Guillermo"]
[Result "1-0"]
[WhiteElo "1572"]
[BlackElo "1577"]
[PlyCount "85"]
[EventDate "2022.10.14"]
[EventType "swiss"]
[EventRounds "8"]
[EventCountry "COL"]
[SourceTitle "CBM 210 Extra"]
[Source "ChessBase"]
[SourceDate "2022.11.30"]
[SourceVersion "1"]
[SourceVersionDate "2022.11.30"]
[SourceQuality "1"]

1. d4 Nf6 2. Nf3 b6 3. e3 e6 4. Bd3 Bb7 5. Nbd2 d5 6. b3 Bb4 7. Bb2 Nbd7 8. 0-0 Qe7 9. Qe2 Bd6 10. Ne5 Ne4 11. f3 Nxd2 12. Qxd2 f6 13. Nxd7 Qxd7 14. f4 0-0 15. Rf3 f5 16. Rh3 Rf6 17. Qe2 a5 18. Rf1 Raf8 19. Rff3 Rg6 20. Rfg3 Rff6 21. Bc3 Rxg3 22. Rxg3 Ba3 23. Qh5 Qf7 24. Qh4 Kf8 25. Rh3 h6 26. Be2 Ke7 27. Bh5 g6 28. Bf3 Bc1 29. Qe1 Ba3 30. Rxh6 Ba6 31. Qh4 Kd6 32. Rh7 Qf8 33. Qg5 Bb4 34. Bb2 Kc6 35. c4 Be7 36. Qg3 Kd7 37. cxd5 Qg8 38. dxe6+ Rxe6 39. Rh3 Qg7 40. d5 Rxe3 41. Bxg7 Bc5 42. Kh1 Bb4 43. Bd4 1-0

[Event "Manizales op 27th"]
[Site "Manizales"]
[Date "2022.01.09"]
[Round "6"]
[White "Pereira Vera, Henry Alberto"]
[Black "Rodriguez Zuluaga, Gabriel Andres"]
[Result "1-0"]
[WhiteElo "1803"]
[BlackElo "1521"]
[PlyCount "85"]
[EventDate "2022.01.06"]
[EventType "swiss"]
[EventRounds "8"]
[EventCountry "COL"]
[SourceTitle "CBM 206 Extra"]
[Source "ChessBase"]
[SourceDate "2022.03.31"]
[SourceVersion "1"]
[SourceVersionDate "2022.03.31"]
[SourceQuality "1"]

1. b3 e5 2. Bb2 Nc6 3. c4 Nf6 4. e3 Bc5 5. a3 a5 6. Qc2 d6 7. d3 Bf5 8. Nd2 Ng4 9. Ngf3 0-0 10. h3 Nf6 11. Be2 Re8 12. 0-0 Qe7 13. Rac1 h6 14. Qb1 Nh7 15. Ne4 Bxe4 16. dxe4 Ng5 17. Kh2 Qf6 18. Qd3 Qg6 19. Nxg5 Qxg5 20. f4 exf4 21. exf4 Qg6 22. Bf3 h5 23. Rce1 h4 24. Bg4 Re7 25. f5 Qg5 26. f6 Ne5 27. Qd1 gxf6 28. Rf5 Qg6 29. Ref1 Re6 30. Rh5 Be3 31. Bxe6 Qg3+ 32. Kh1 fxe6 33. Bxe5 dxe5 34. Qd7 Qg6 35. Qxe6+ Kg7 36. Rxh4 Bg5 37. Rg4 Rh8 38. Rd1 Kh6 39. h4 Qh5 40. g3 Rf8 41. Rf1 Bf4 42. gxf4 exf4 43. Rfxf4 1-0

[Event "Manizales op 27th"]
[Site "Manizales"]
[Date "2022.01.07"]
[Round "2"]
[White "Vargas, Karen Eileen"]
[Black "Rodriguez Zuluaga, Gabriel Andres"]
[Result "0-1"]
[WhiteElo "1500"]
[BlackElo "1521"]
[PlyCount "76"]
[EventDate "2022.01.06"]
[EventType "swiss"]
[EventRounds "8"]
[EventCountry "COL"]
[SourceTitle "CBM 206 Extra"]
[Source "ChessBase"]
[SourceDate "2022.03.31"]
[SourceVersion "1"]
[SourceVersionDate "2022.03.31"]
[SourceQuality "1"]

1. e4 g6 2. d4 Bg7 3. Nf3 e6 4. Bc4 Ne7 5. Nc3 c6 6. Bf4 d5 7. Bb3 dxe4 8. Nxe4 0-0 9. 0-0 Nf5 10. Be5 f6 11. Bxb8 Rxb8 12. c3 b6 13. Re1 Re8 14. Bc4 Nd6 15. Nxd6 Qxd6 16. Qb3 Kh8 17. Rad1 b5 18. Bd3 Bd7 19. Re3 a5 20. Rde1 Bh6 21. R3e2 c5 22. Bxb5 Rxb5 23. dxc5 Qxc5 24. Qd1 Bc8 25. Nd4 Rb6 26. a3 Rd6 27. b4 axb4 28. axb4 Qxc3 29. Nb5 Rxd1 30. Nxc3 Rxe1+ 31. Rxe1 Bd2 32. Rb1 Bxc3 33. b5 Bb7 34. b6 Bd4 35. Rb4 Rc8 36. h3 e5 37. g4 Rc6 38. Kh2 Rc2 0-1